Map of United States, 1854 - Statistics

General Stats
  • This quiz has been taken 163 times
  • The average score is 31 of 38
Answers on the Map
Answers color-coded by a green-red scale on the quiz's map according to % correct below.
 
Answer Stats
Answer % Correct
Texas
100%
Florida
98%
Louisiana
95%
California
94%
Georgia
94%
Maine
93%
New York
92%
Michigan
92%
North Carolina
92%
South Carolina
92%
Illinois
91%
Indian Territory
91%
Ohio
89%
Mississippi
88%
Alabama
87%
Rhode Island
87%
Kentucky
86%
Virginia
86%
Indiana
85%
Wisconsin
82%
Kansas Territory
82%
Maryland
82%
Pennsylvania
82%
Arkansas
81%
Delaware
81%
Missouri
81%
New Mexico Territory
81%
Vermont
81%
New Jersey
79%
Tennessee
79%
Iowa
78%
New Hampshire
78%
Connecticut
76%
Massachusetts
74%
Minnesota Territory
67%
Nebraska Territory
65%
Utah Territory
61%
Washington and Oregon Territories
9%
No matching quizzes found
Score Distribution
Percent of People with Each Score
Percentile by Number Answered
Your Score History
You have not taken this quiz